Deep learning v jazyku Python /

Na minha lista:
Detalhes bibliográficos
Autor principal: Chollet, Francois (Author)
Formato: Livro
Idioma:tcheco
Publicado em: Praha: Grada Publishing, 2018
Assuntos:
Tags: Adicionar Tag
Sem tags, seja o primeiro a adicionar uma tag!

MARC

LEADER 00000nam a22000003a 4500
001 0077709
003 SK-STU
005 20240201132736.4
007 ta
008 191120s ----xo-----e------000-0-----d
020 |a 978-80-247-3100-1 
040 |a STU  |b slo 
041 0 |a cze  |h cze 
044 |a xr 
100 1 |a Chollet, Francois  |4 aut  |r Z6 
245 1 0 |a Deep learning v jazyku Python /  |c aut. Francois Chollet 
260 |a Praha:  |b Grada Publishing,  |c 2018 
300 |a 328 s. 
650 0 7 |a hlboké učenie 
650 0 7 |a matematické stavebné bloky 
650 0 7 |a neurónové siete 
996 |c V* 52969/O-24129  |l VV6  |s P  |a 0  |w 0077709_0001 
996 |b 284M088261  |c M* 14270-1  |l MMKN  |s A  |a 24  |w 0077709_0002 
996 |b 284J045864  |c J* 118664  |l JJSK  |s A  |a 24  |w 0077709_0003